Cómo estudiar

Gardado en:
Detalles Bibliográficos
Autor Principal: Soto Becerra, Luis (Author)
Formato: Libro
Idioma:Lingua castelá
Publicado: Santiago Universitaria 1967
Subjects:
Tags: Engadir etiqueta
Sen Etiquetas, Sexa o primeiro en etiquetar este rexistro!

MARC

LEADER 00000nam a2200000 a 4500
001 UCZ0739
003 CL-VaPUC
008 950809e19670000CL |||||||||||||||||spa|d
082 0 4 |a 371.302  |b SOT  |2 21 
100 0 |a Soto Becerra, Luis  |e author  |9 343920 
245 1 0 |a Cómo estudiar 
300 |a 2 v 
942 |c BK 
945 |d 19950809 00:00:00  |a cmena 
260 |a Santiago  |b Universitaria  |c 1967 
500 |a v.1 Cómo planificar con efectividad la distribución de su tiempo 
500 |a v.2 <El >trabajo en la clase: cómo preparar, atender y complementar una clase. La toma y revisión de los apuntes 
650 0 |a Métodos de estudio  |9 260518 
650 0 |a Actitud en el trabajo  |9 334791 
650 0 |a Alumnos   |9 335074 
650 7 |a INTERESES DE LOS ESTUDIANTES  |2 CL-VaPUC  |9 339214 
650 7 |a ESTUDIOS INDIVIDUALES  |2 CL-VaPUC  |9 343921 
650 0 |a Aprendizaje   |9 254827 
650 7 |a PLANIFICACION  |2 CL-VaPUC  |9 260802 
583 |a last modification  |c 19950809 00:00:00  |k Rodrigo Vera 
999 |c 237646  |d 237644 
952 |0 0  |1 0  |4 0  |6 371_302000000000000_SOT_1967  |7 0  |8 P  |9 247115  |a BIBEDU  |b BIBEDU  |c BIBEDU_PB  |d 2019-11-18  |h v.1  |i 1552996  |o 371.302 SOT 1967  |p 1552996  |r 2024-01-25  |w 2019-11-18  |y BK  |k EDU 
952 |0 0  |1 0  |4 0  |6 371_302000000000000_SOT_1967  |7 0  |8 P  |9 247116  |a BIBEDU  |b BIBEDU  |c BIBEDU_PB  |d 2019-11-18  |h v.2  |i 155400K  |o 371.302 SOT 1967  |p 155400K  |r 2024-01-25  |w 2019-11-18  |y BK  |k EDU